| 000 | 00486nam a2200181 a 4500 | ||
|---|---|---|---|
| 005 | 20210219150711.0 | ||
| 008 | 991125s1972 lon 000 0 eng u | ||
| 035 | _aUPN01000019621 | ||
| 049 | _aCG | ||
| 050 | 4 |
_aPE1115 B4.3 _bt.2 |
|
| 100 | 1 | _aBeesley, Alan R. | |
| 245 | 1 | 0 |
_aEnglish for your business career : _bbook 2 / _cAlan R. Beesley |
| 260 |
_aLondon : _bMacMillan, _c1972 |
||
| 300 |
_a201 p. : _bil. |
||
| 650 | 4 | _aINGLES COMERCIAL | |
| 904 |
_aAC _b019622 |
||
| 905 | _aLibro | ||
| 999 |
_c19621 _d19621 |
||